[Event "MK Cafe Cup-B"]
[Site "Koszalin"]
[Date "1999.08.07"]
[Round "5"]
[White "Mickiewicz, Piotr"]
[Black "Dobrowolski, Piotr"]
[Result "0-1"]
[WhiteElo "2219"]
[BlackElo "2376"]

1.d4 Nf6 2.c4 e6 3.Nc3 Bb4 4.Qc2 O-O 5.a3 Bxc3+ 6.Qxc3 b6 7.Bg5 Bb7 8.f3 c5
9.dxc5 bxc5 10.e3 d6 11.Bd3 Nbd7 12.Ne2 Ne5 13.O-O h6 14.Bh4 Qe7 15.Bc2 a5
16.f4 Ng6 17.Bxf6 Qxf6 18.Qxf6 gxf6 19.Rfd1 Rfd8 20.Rd2 Ba6 21.b3 a4 22.Nc3 axb3
23.Bxb3 Rab8 24.Ba2 f5 25.Rad1 Rb6 26.g3 Ne7 27.Na4 Rc6 28.Kf2 Kg7 29.Nc3 Ng8
30.h3 Nf6 31.g4 fxg4 32.e4 gxh3 33.e5 Ne8 34.Ne4 f5 35.Nxd6 Nxd6 36.exd6 Kf6
37.Kg3 Bb7 38.Kxh3 Ra6 39.Kh4 Bf3 40.Rb1 Rdxd6 41.Rxd6 Rxd6 42.Rb3 Be2 43.Re3 Rd2
44.Bb3 Bd1 45.Bxd1 Rxd1 46.Re5 Rd3 47.a4 Rf3 48.Rxc5 Rxf4+ 49.Kg3 Rf1 50.Rc8 Ra1
51.Ra8 Ke5 52.a5 Ke4 53.a6 f4+ 54.Kg4 f3 55.Rf8 Rxa6 56.Rf4+ Ke5 57.Rxf3 Rc6
58.Re3+ Kf6 59.Re4 Rc5 60.Kf4 Rf5+ 61.Kg4 Rf1 62.Rd4 Ke5 63.Rd2 Rf4+ 64.Kg3 Rxc4
65.Kf3 Kf5 66.Rd8 Rc3+ 67.Ke2 e5 68.Rh8 Rh3 69.Ra8 Kf4 70.Re8 h5 71.Re7 h4
72.Re8 Ke4 73.Ra8 Rh2+ 74.Ke1 Kf4 75.Ra4+ e4 76.Ra3 Rb2 77.Kf1 Kg4 78.Kg1 h3
79.Re3 h2+ 80.Kh1 Rb1+ 81.Kxh2 Kf4 82.Re2 Kf3 83.Ra2 e3 84.Ra3 Kf2 85.Ra8 e2
86.Rf8+ Ke3 87.Re8+ Kd3  0-1

[Event "AZ Sanace Cup"]
[Site "Olomouc"]
[Date "1999.08.09"]
[Round "3"]
[White "Kiriakov, Petr"]
[Black "Polak, Tomas"]
[Result "1/2-1/2"]
[WhiteElo "2554"]
[BlackElo "2488"]

1.d4 Nf6 2.c4 e6 3.Nc3 Bb4 4.Qc2 O-O 5.a3 Bxc3+ 6.Qxc3 b6 7.Bg5 Bb7 8.e3 d6
9.Nf3 Nbd7 10.Nd2 Rc8 11.f3 c5 12.Be2 Re8 13.dxc5 Rxc5 14.Bxf6  1/2-1/2

[Event "Budapest FS08 IM"]
[Site "Budapest"]
[Date "1999.08.10"]
[Round "4"]
[White "Zimmerman, Yuri"]
[Black "Marinkovic, Milan"]
[Result "1-0"]
[WhiteElo "2440"]
[BlackElo "2360"]

1.d4 Nf6 2.c4 e6 3.Nc3 Bb4 4.Qc2 O-O 5.e4 c5 6.e5 cxd4 7.a3 Qa5 8.axb4 Qxa1
9.exf6 dxc3 10.fxg7 Re8 11.bxc3 e5 12.Nf3 Qa6 13.h4 Qg6 14.Qd2 e4 15.Qe3 f5
16.h5 Qf6 17.Nd4 Nc6 18.Nb5 d6 19.Nc7 Be6 20.Nxa8 Rxa8 21.h6 a5 22.b5 Ne5
23.Qd4 Rc8 24.Bf4 Nd3+ 25.Bxd3 Qxd4 26.cxd4 exd3 27.Kd2 Bxc4 28.Rc1 d5 29.b6 a4
30.Ra1 Ra8 31.Bd6 Kf7 32.Re1 Kg8 33.Re5  1-0

[Event "AZ Sanace Cup"]
[Site "Olomouc"]
[Date "1999.08.11"]
[Round "5"]
[White "Kiriakov, Petr"]
[Black "Mokry, Karel"]
[Result "1/2-1/2"]
[WhiteElo "2554"]
[BlackElo "2460"]

1.d4 Nf6 2.c4 e6 3.Nc3 Bb4 4.Qc2 O-O 5.a3 Bxc3+ 6.Qxc3 b6 7.Bg5 Bb7 8.Nh3 c5
9.dxc5 bxc5 10.f3 h6 11.Bh4 Nc6 12.e3 Qa5 13.Qxa5 Nxa5 14.b4 Nc6 15.bxc5 Rfc8
16.Be2  1/2-1/2

[Event "Petermaennchen GM"]
[Site "Schwerin"]
[Date "1999.08.12"]
[Round "6"]
[White "Bischoff, Klaus"]
[Black "Luther, Thomas"]
[Result "1/2-1/2"]
[WhiteElo "2509"]
[BlackElo "2507"]

1.d4 e6 2.c4 Nf6 3.Nc3 Bb4 4.Qc2 O-O 5.Bg5 c5 6.dxc5 Na6 7.a3 Bxc3+ 8.Qxc3 Nxc5
9.f3 Nfe4 10.Bxd8 Nxc3 11.Be7 Nb3 12.Bxf8 Kxf8 13.Rd1 Nxd1 14.Kxd1 b6 15.Kc2 Na5
16.b3 Bb7 17.e4 d5 18.cxd5 exd5 19.b4 Rc8+ 20.Kb2 Nc6 21.exd5 Ne5 22.Nh3  1/2-1/2

[Event "MK Cafe Cup-A"]
[Site "Koszalin"]
[Date "1999.08.13"]
[Round "10"]
[White "Shishkin, Vadim"]
[Black "Tukmakov, Vladimir B"]
[Result "0-1"]
[WhiteElo "2475"]
[BlackElo "2557"]

1.d4 Nf6 2.c4 e6 3.Nc3 Bb4 4.Qc2 O-O 5.a3 Bxc3+ 6.Qxc3 Ne4 7.Qc2 f5 8.g3 b6
9.Bg2 Bb7 10.Nh3 c5 11.dxc5 bxc5 12.O-O Nc6 13.Be3 Nd4 14.Bxd4 cxd4 15.Rad1 e5
16.e3 dxe3 17.fxe3 Qc7 18.Qd3 Rad8 19.Nf2 Nf6 20.Bxb7 Qxb7 21.b4 a5 22.bxa5 f4
23.exf4 exf4 24.gxf4 Ra8 25.Rde1 Rxa5 26.Ne4 Nxe4 27.Rxe4 Rxa3 28.Qd4 Ra6
29.Re3 Rg6+ 30.Rg3 Rff6 31.Re1 h6 32.Qd3 Qc6 33.Re2 Kf7 34.Qe4 Qc5+ 35.Kg2  0-1

[Event "AZ Sanace Cup"]
[Site "Olomouc"]
[Date "1999.08.13"]
[Round "7"]
[White "Kiriakov, Petr"]
[Black "Franic, Milan"]
[Result "1-0"]
[WhiteElo "2554"]
[BlackElo "2422"]

1.d4 Nf6 2.c4 e6 3.Nc3 Bb4 4.Qc2 O-O 5.a3 Bxc3+ 6.Qxc3 Ne4 7.Qc2 f5 8.Nh3 b6
9.f3 Nf6 10.e3 a5 11.b3 c5 12.Bb2 Qe7 13.Be2 d6 14.O-O e5 15.f4 e4 16.Nf2 Nc6
17.d5 Nb8 18.h3 Nbd7 19.g4 Ne8 20.Qc3 Kf7 21.Kh2 Ndf6 22.Rg1 g6 23.Rg2 Qd8
24.Rh1 Ke7 25.Kg1 Rf7 26.g5 Nd7 27.h4 Nf8 28.h5 Kd7 29.hxg6 hxg6 30.Rh8 Qe7
31.Rgh2 Kc7 32.Rg8 Bd7 33.Rhh8 Kb7 34.Nd1 Nc7 35.Qe1 b5 36.Qh4 a4 37.Bf6 Qe8
38.bxa4 bxc4 39.Nc3 Bxa4 40.Qh6 Bc2 41.Bg7 Qd7 42.Bxf8 Rxa3 43.Bg7 Bd3 44.Bd1 Ra1
45.Qh2  1-0

[Event "Budapest FS08 IM"]
[Site "Budapest"]
[Date "1999.08.14"]
[Round "8"]
[White "Zimmerman, Yuri"]
[Black "Belichev, Nikolai"]
[Result "0-1"]
[WhiteElo "2440"]
[BlackElo "2387"]

1.d4 Nf6 2.c4 e6 3.Nc3 Bb4 4.Qc2 O-O 5.e4 d5 6.e5 Ne4 7.Bd3 c5 8.a3 Bxc3+
9.bxc3 cxd4 10.cxd4 Qa5+ 11.Kf1 Nc6 12.Bxe4 dxe4 13.Bb2 Qa6 14.Ne2 Na5 15.c5 b6
16.Qxe4 Bb7 17.Qg4 bxc5 18.h4 Nc4 19.Bc3 cxd4 20.Bxd4 Nd2+ 21.Kg1 Rfd8 22.Rh3 Bf3
23.Rxf3 Qxe2 24.Rg3 Qxg4 25.Rxg4 h5 26.Rf4 Nb3 27.Rd1 f6  0-1

[Event "Budapest FS08 GM"]
[Site "Budapest"]
[Date "1999.08.17"]
[Round "11"]
[White "Markus, Robert"]
[Black "Lukacs, Peter"]
[Result "1/2-1/2"]
[WhiteElo "2336"]
[BlackElo "2475"]

1.d4 Nf6 2.c4 e6 3.Nc3 Bb4 4.Qc2 O-O 5.a3 Bxc3+ 6.Qxc3 b6 7.Bg5 Ba6 8.Nf3 d6
9.e3 Nbd7 10.Nd2 c5 11.dxc5 bxc5 12.Be2 Bb7 13.f3 a5 14.b3 Re8 15.O-O Qb6
16.Rab1 Ba6 17.Rfe1 Rab8 18.Bh4 h6  1/2-1/2

[Event "FRA-ch (Women)"]
[Site "Bescanon"]
[Date "1999.08.20"]
[Round "3"]
[White "Gervais, Claire"]
[Black "Lebel Arias, Julia"]
[Result "1-0"]
[WhiteElo "2179"]
[BlackElo "2053"]

1.d4 Nf6 2.c4 e6 3.Nc3 Bb4 4.Qc2 O-O 5.a3 Bxc3+ 6.Qxc3 Ne4 7.Qc2 f5 8.e3 b6
9.Nh3 Bb7 10.Bd3 Qh4 11.O-O Rf6 12.f3 Ng5 13.Nxg5 Qxg5 14.e4 f4 15.e5 Rh6
16.g3 Rh4 17.Qg2 Rg4 18.Qh3 Rxg3+ 19.hxg3 Qxg3+ 20.Qxg3 fxg3 21.Kg2 Nc6 22.Be3 Ne7
23.Be4 c6 24.Kxg3 Rf8 25.b4 Nf5+ 26.Kf2 d5 27.cxd5 exd5 28.Bd3 Bc8 29.Rac1 Bd7
30.Rh1 h6 31.Rh5 Ne7 32.Rg1 Kf7 33.f4 Rc8 34.f5 Be8 35.f6 gxf6 36.exf6 Kxf6
37.Rxh6+ Kf7 38.Bg5 Ng8 39.Rh7+ Kf8 40.Ke1  1-0

[Event "FRA-ch qual"]
[Site "Bescanon"]
[Date "1999.08.21"]
[Round "4"]
[White "Karr, Jean Philipp"]
[Black "Chabanon, Jean Luc"]
[Result "1/2-1/2"]
[WhiteElo "2321"]
[BlackElo "2456"]

1.d4 Nf6 2.c4 e6 3.Nc3 Bb4 4.Qc2 O-O 5.a3 Bxc3+ 6.Qxc3 Ne4 7.Qc2 f5 8.Nh3 d6
9.f3 Nf6 10.Bg5 e5 11.dxe5 dxe5 12.Rd1 Qe8 13.e3 a5 14.Nf2 h6 15.Bxf6 Rxf6
16.Qc3 Nc6 17.c5 Be6 18.Bb5 f4 19.O-O Qh5 20.Ne4 Rff8 21.Bc4 Qf7  1/2-1/2

[Event "London MSO Masters"]
[Site "London"]
[Date "1999.08.21"]
[Round "1"]
[White "Hardy, Roger"]
[Black "Cherniaev, Alexander"]
[Result "0-1"]
[WhiteElo "2035"]
[BlackElo "2432"]

1.d4 Nf6 2.c4 e6 3.Nc3 Bb4 4.Qc2 O-O 5.a3 Bxc3+ 6.Qxc3 b5 7.cxb5 c6 8.f3 Nd5
9.Qc2 Qh4+ 10.g3 Qxd4 11.e4 Ne3 12.Qd2 Qxd2+ 13.Bxd2 Nxf1 14.Kxf1 cxb5 15.Bb4 Re8
16.Bd6 Nc6 17.Ne2 a5 18.Kf2 Ba6 19.b4 Rec8 20.Rhd1 Bb7 21.Nf4 axb4 22.axb4 Nd8
23.Rxa8 Rxa8 24.Rd2 Bc6 25.Nd3 f6 26.Nc5 Kf7 27.Ke3 Ke8 28.f4 Nf7 29.Bc7 Ra3+
30.Rd3 Ra2 31.h3 Rg2 32.Kf3 Rb2 33.Rb3 Rh2 34.h4 Ke7 35.Ke3 Rg2 36.Kf3 Rc2
37.Na6 f5 38.Ke3 fxe4  0-1

[Event "BIH-chT"]
[Site "Bihac"]
[Date "1999.08.23"]
[Round "3"]
[White "Subasic, Ilijas"]
[Black "Hulak, Krunoslav"]
[Result "0-1"]
[WhiteElo "2275"]
[BlackElo "2493"]

1.d4 Nf6 2.c4 e6 3.Nc3 Bb4 4.Qc2 O-O 5.a3 Bxc3+ 6.Qxc3 Ne4 7.Qc2 f5 8.Nf3 b6
9.e3 Bb7 10.Be2 d6 11.O-O Nd7 12.Ne1 c5 13.f3 Nef6 14.d5 Qe7 15.dxe6 Qxe6
16.Nd3 Rae8 17.Bd2 Nh5 18.Rae1 g5 19.Nf2 Ng7 20.Nd1 Ne5 21.Qa4 Bc6 22.Qc2 Rf6
23.e4 f4 24.Nc3 Rh6 25.Nd5 Rh4 26.b4 Qh6 27.h3 Bd7 28.Rf2 Bxh3 29.Bd3 Bd7
30.Kf1 Nf5 31.exf5 Rh1+ 32.Ke2 Nxf3+ 33.Be4 Nd4+ 34.Kd3 Rxe1 35.Qb2 R1xe4
36.f6 Qg6 37.Kc3 Bc6 38.Ne7+ R8xe7 39.fxe7 Qf6  0-1

[Event "Pyramiden Franken Cup"]
[Site "Fuerth"]
[Date "1999.08.23"]
[Round "3"]
[White "Elbilia, Jacques"]
[Black "Hoffmann, Michael"]
[Result "0-1"]
[WhiteElo "2335"]
[BlackElo "2439"]

1.d4 Nf6 2.c4 e6 3.Nc3 Bb4 4.Qc2 O-O 5.a3 Bxc3+ 6.Qxc3 b6 7.Bg5 Ba6 8.e3 d6
9.Bd3 Nbd7 10.Ne2 c5 11.Qc2 h6 12.Bh4 Qc7 13.O-O Rac8 14.Bxf6 Nxf6 15.Qa4 Qb7
16.dxc5 bxc5 17.Rfc1 d5 18.Rab1 Rfd8 19.h3 Nd7 20.b4 Nb6 21.Qc2 Bxc4 22.Bxc4 Nxc4
23.Qc3 cxb4 24.Qxb4 Qxb4 25.axb4 Rc7 26.b5 Rb8 27.f3 Rcb7 28.e4 Na3 29.Rb3 Nxb5
30.exd5 exd5 31.Rc5 d4 32.Kf2 a5 33.Rd5 g6 34.Nxd4 Nxd4 35.Rxb7 Rxb7 36.Rxd4 Ra7
37.Ra4 Kf8 38.Ke3 Ke7 39.Kd4 Kd6 40.Kc4 Kc6 41.f4 Kb6 42.Kb3 Re7 43.Rd4 Kc5
44.Rd3 Re4 45.f5 Rd4 46.Rc3+ Kd6 47.fxg6 fxg6 48.Re3 Kd5 49.Rg3 g5 50.Rc3 Ke4
51.Rc6 h5 52.h4 gxh4 53.Rc5 Rd5 54.Rc4+ Ke3 55.Rxh4 Rg5 56.Rh2 Kf4 57.Ka4 Kg3
58.Rh3+ Kxg2 59.Rc3 h4 60.Rc2+ Kg3 61.Rc3+ Kg4 62.Rc4+ Kh5 63.Rc8 h3  0-1

[Event "London MSO Masters"]
[Site "London"]
[Date "1999.08.23"]
[Round "3"]
[White "Baburin, Alexander"]
[Black "Kunte, Abhijit"]
[Result "1/2-1/2"]
[WhiteElo "2593"]
[BlackElo "2465"]

1.d4 Nf6 2.c4 e6 3.Nc3 Bb4 4.Qc2 O-O 5.a3 Bxc3+ 6.Qxc3 b6 7.Bg5 Ba6 8.e3 d6
9.Bd3 Nbd7 10.Ne2 h6 11.Bh4 c5 12.b4 cxd4 13.exd4 Rc8 14.Qb3 e5 15.b5 Bb7
16.O-O e4 17.Bb1 Qc7 18.Rc1 d5 19.Bg3 dxc4 20.Qa4 Qd8 21.Qxa7 Bd5 22.Nc3 Re8
23.Re1 Nf8 24.Qa4 Ba8 25.Qd1 Ng6 26.a4 Qe7 27.Qd2 Qb4 28.Bc2 e3 29.Rxe3 Nd5
30.Ra3 Qa5 31.Rf3 Nb4  1/2-1/2

[Event "FRA-ch (Women)"]
[Site "Bescanon"]
[Date "1999.08.26"]
[Round "9"]
[White "Nicoara Etchegaray, Malina"]
[Black "Gervais, Claire"]
[Result "1/2-1/2"]
[WhiteElo "2247"]
[BlackElo "2179"]

1.d4 Nf6 2.c4 e6 3.Nc3 Bb4 4.Qc2 O-O 5.a3 Bxc3+ 6.Qxc3 Ne4 7.Qc2 f5 8.Nh3 d6
9.f3 Nf6 10.e3 e5 11.dxe5 dxe5 12.Be2 c5 13.O-O Qe7 14.b4 Nc6 15.b5 Nd8 16.Re1 a6
17.Bf1 axb5 18.cxb5 b6 19.Bb2 Ne8 20.Bc4+ Kh8 21.f4 e4 22.Red1 Nf6 23.Bd5 Bb7
24.a4 h6 25.Qc3 Ne8 26.Bc4 Nf6 27.Nf2 Nf7 28.Bb3 Bc8 29.a5 bxa5 30.Ba3 Nd7
31.Bd5 Rb8 32.Bc6 Rd8 33.Qxa5 Bb7 34.Qc7 Bxc6 35.bxc6 Rbc8 36.Qb7 Rb8 37.Qa6 Qf6
38.Qc4 Nb6 39.Qxc5 Re8 40.Rac1 Na4 41.Qc2 Ra8 42.Rd4 Nb6 43.Bb2 Qe6 44.Qc3 Qg6
45.Qb3 Ra6 46.Qb5 Rea8 47.c7 Nd6 48.Qe5 Nbc8 49.Rb4 Ra5 50.Qd4 Qf7 51.Rb8 Kh7
52.Nh1 R8a7 53.Qb4 Ra4 54.Qc5 R7a5 55.Qc3 Ra7 56.Ng3 Rc4 57.Qe5 Rxc1+ 58.Bxc1 Qxc7
59.Rb1 Qc2 60.Qb2 Qd1+ 61.Nf1 Rb7 62.Qa2 Rxb1 63.Qxb1 Nc4 64.Kf2 N8d6 65.h3 h5
66.Qa1 h4 67.Qc3 Qa4 68.Bb2 Nxb2 69.Qxb2 Nc4 70.Qd4 Qb5 71.Qd8 Qb2+ 72.Kg1 Qf6  1/2-1/2

[Event "Pyramiden Franken Cup"]
[Site "Fuerth"]
[Date "1999.08.26"]
[Round "6"]
[White "Weigel, Herbert"]
[Black "Handke, Florian"]
[Result "1/2-1/2"]
[WhiteElo "2204"]
[BlackElo "2361"]

1.d4 Nf6 2.c4 e6 3.Nc3 Bb4 4.Qc2 O-O 5.e3 b6 6.Nf3 Bb7 7.Be2 Ne4 8.Bd2 Bxc3
9.Bxc3 d6 10.O-O Nd7 11.b4 Nxc3 12.Qxc3 Qf6 13.Rfc1 a5 14.a3 Rfc8 15.Rab1 Be4
16.Rb2 axb4 17.axb4 Ra7 18.Nd2 Bc6 19.h3 Rca8 20.Bf3 Bxf3 21.Nxf3 Ra1 22.Rc2 R1a3
23.Qd2 h6 24.c5 Qf5 25.cxd6 cxd6 26.Rc8+ Rxc8 27.Rxc8+ Kh7 28.Qc2 Qxc2 29.Rxc2 Rb3
30.Rc6 Rxb4 31.Rxd6 Nf6 32.Ne5 Ne4 33.Rc6 f6 34.Nd7 b5 35.Nf8+ Kg8 36.Nxe6 Rb1+
37.Kh2 b4 38.Rc7 g5 39.Nc5 Nxf2 40.Rb7 f5 41.g3 Rb2 42.Kg1 Nxh3+ 43.Kf1 f4
44.exf4 gxf4 45.Nd3 Rd2 46.Nxf4 Nxf4 47.gxf4 Rxd4 48.f5 Rd1+ 49.Ke2 Rb1 50.Kd2 b3
51.f6 h5 52.Rg7+ Kf8 53.Kc3 Rf1 54.Kxb3 Rxf6 55.Rg1 Kf7 56.Kc3 Rd6 57.Rg5 Rh6
58.Kd3 Kf6 59.Rg1 Kf5 60.Ke3 Rb6 61.Kf3 Rb4 62.Kg3 Rg4+ 63.Kh2 Rh4+ 64.Kg3 Kg5
65.Ra1 Rg4+ 66.Kh3 Re4 67.Ra5+ Kf4 68.Kh4 Rb4 69.Kxh5 Rb6  1/2-1/2

[Event "London MSO Masters"]
[Site "London"]
[Date "1999.08.28"]
[Round "8"]
[White "Palliser, Richard"]
[Black "Cooper, Andrew"]
[Result "1-0"]
[WhiteElo "2253"]
[BlackElo "2151"]

1.d4 e6 2.c4 Nf6 3.Nc3 Bb4 4.Qc2 O-O 5.e4 d6 6.a3 Bxc3+ 7.bxc3 c5 8.Bd3 e5
9.d5 Ne8 10.Ne2 g6 11.O-O f5 12.f4 exf4 13.Nxf4 g5 14.Nh5 f4 15.Qe2 Nf6 16.Nxf6+ Qxf6
17.Qh5 h6 18.g3 f3 19.e5 f2+ 20.Kg2 dxe5 21.Be3 e4 22.Rxf2 Bf5 23.Raf1 exd3
24.Rxf5  1-0

[Event "Pyramiden Franken Cup"]
[Site "Fuerth"]
[Date "1999.08.29"]
[Round "9"]
[White "Michaelsen, Nils"]
[Black "Hoffmann, Michael"]
[Result "1/2-1/2"]
[WhiteElo "2439"]
[BlackElo "2439"]

1.d4 Nf6 2.c4 e6 3.Nc3 Bb4 4.Qc2 O-O 5.a3 Bxc3+ 6.Qxc3 b6 7.Bg5 Ba6 8.e3 d6
9.Nf3 Nbd7 10.Bd3 h6 11.Bh4 c5 12.O-O Rc8 13.d5 exd5 14.cxd5 Bxd3 15.Qxd3 Qc7
16.Rfd1 Rfe8 17.Rac1 Qb7 18.Qf5 g6 19.Qh3  1/2-1/2

[Event "Pyramiden Franken Cup"]
[Site "Fuerth"]
[Date "1999.08.29"]
[Round "9"]
[White "Agrest, Evgenij"]
[Black "Conquest, Stuart"]
[Result "0-1"]
[WhiteElo "2554"]
[BlackElo "2555"]

1.d4 Nf6 2.c4 e6 3.Nc3 Bb4 4.Qc2 O-O 5.a3 Bxc3+ 6.Qxc3 Ne4 7.Qc2 f5 8.Nh3 d6
9.e3 e5 10.f3 Ng5 11.Nxg5 Qxg5 12.dxe5 dxe5 13.Qf2 Be6 14.Be2 Nc6 15.Bd2 Rad8
16.O-O-O Qe7 17.Bc3 a5 18.f4 Qc5 19.fxe5 Bxc4 20.Bxc4+ Qxc4 21.Qf4 Qe6 22.Rxd8 Rxd8
23.Rf1 Ne7 24.e4 fxe4 25.Qxe4 b6 26.h3 c5 27.Qg4 Qxg4 28.hxg4 Nd5 29.Bd2 Re8
30.Re1 Kf7 31.Kc2 Ke6 32.Kb3 Rf8 33.Re2 Rf1 34.Kc4 Rb1 35.Bg5 Rd1 36.Bd2 h6
37.g5 h5 38.g6 Rf1 39.Kb5 Rf5 40.Bc3 Rg5 41.Rd2 Rg3 42.Kc6 Nxc3 43.bxc3 Rxc3
44.a4 Rb3 45.Rd7 Kxe5 46.Rxg7 Kf6 47.Rg8 Rb4 48.g7 Rg4 49.Kd5 Kf7 50.Rc8 Kxg7
51.Rc6 Rb4 52.Ke5 h4 53.Kd5 Rb2 54.Ke4 Rxg2 55.Rxb6 h3 56.Kf3 Ra2 57.Rb7+ Kg6
58.Rb8 h2 59.Rh8 Kg5 60.Ke3 c4  0-1

[Event "SoLett op"]
[Site "Skelleftea"]
[Date "1999.09.02"]
[Round "4"]
[White "Sakalauskas, Vaidas"]
[Black "Wedberg, Tom"]
[Result "1-0"]
[WhiteElo "2450"]
[BlackElo "2487"]

1.d4 Nf6 2.c4 e6 3.Nc3 Bb4 4.Qc2 O-O 5.Nf3 d6 6.Bg5 h6 7.Bh4 Nbd7 8.e3 b6
9.O-O-O Bxc3 10.Qxc3 Bb7 11.Bd3 Rc8 12.Bc2 c5 13.d5 exd5 14.cxd5 b5 15.Bf5 b4
16.Qc2 Qa5 17.Kb1 b3 18.axb3 Bxd5 19.e4 Bxb3 20.Qxb3 Rb8 21.Qa2 Rxb2+ 22.Qxb2 Rb8
23.Bxf6 gxf6 24.Bxd7 Rxb2+ 25.Kxb2 Qb4+ 26.Kc2 Qxe4+ 27.Kd2 Qb7 28.Bh3 c4
29.Nd4 a5 30.Rhe1 Qb6 31.Ke3 a4 32.Rb1 Qc5 33.Rb5 Qa3+ 34.Kf4 Qc3 35.Re8+ Kg7
36.Nf5+ Kh7 37.Rbb8 Qd2+ 38.Kg3  1-0

[Event "Asia-ch U20"]
[Site "Vung Tau City"]
[Date "1999.09.13"]
[Round "2"]
[White "Lim Chuing Hoong"]
[Black "Bakre, Tejas"]
[Result "1/2-1/2"]
[WhiteElo "2226"]
[BlackElo "2361"]

1.d4 Nf6 2.c4 e6 3.Nc3 Bb4 4.Qc2 O-O 5.a3 Bxc3+ 6.Qxc3 b6 7.Bg5 Bb7 8.e3 d6
9.f3 c5 10.dxc5 dxc5 11.Bd3 Nbd7 12.O-O-O Qc7 13.Nh3 a6 14.Nf2 Bc6 15.Bb1 Qe5
16.Bxf6 Qxf6 17.Qc2 Qh4 18.f4 Rad8 19.g3 Qh5 20.Rhg1 Nf6 21.g4 Rxd1+ 22.Nxd1 Qh4
23.Qf2 Qxf2 24.Nxf2 Rd8 25.g5 Ne8 26.Ng4 Ba4 27.Bc2 Bxc2 28.Kxc2 Kf8 29.h4 f6
30.h5 Kf7 31.b3 a5 32.a4 e5 33.gxf6 exf4 34.fxg7 Nxg7 35.exf4 Nxh5 36.Rh1 Nxf4
37.Rxh7+ Ke6 38.Rb7 Rd6 39.Ne3 Ke5 40.Re7+ Kf6 41.Re8  1/2-1/2

[Event "CRO-chT"]
[Site "Pula"]
[Date "1999.09.16"]
[Round "7"]
[White "Feletar, Darko"]
[Black "Zelcic, Robert"]
[Result "1/2-1/2"]
[WhiteElo "2411"]
[BlackElo "2561"]

1.d4 Nf6 2.c4 e6 3.Nc3 Bb4 4.Qc2 O-O 5.a3 Bxc3+ 6.Qxc3 b6 7.Bg5 Ba6 8.Nf3 d6
9.e3 Nbd7 10.Be2 c5 11.dxc5 bxc5 12.Nd2 Bb7 13.f3 a5 14.Qc2 Qb6 15.O-O Ba6
16.Rab1 d5 17.Bh4 a4 18.Rfe1 Qa5 19.Bf2 Ne5 20.Bf1 Rfd8 21.Red1 h6 22.Rbc1 dxc4
23.Nxc4 Bxc4 24.Bxc4 Rxd1+ 25.Rxd1 Nxc4 26.Qxc4 Rb8 27.Qc2 Qb5 28.e4 c4 29.Bd4 Nd7
30.Rd2 Nc5 31.Qc3 Nd3 32.Qc2 Qg5 33.Re2 Nf4 34.Re1 Rb3 35.Bc3 h5 36.Kh1 Nd3
37.Re2 f6 38.Qd1 h4 39.Qf1 Qb5 40.Qa1 Qb6 41.h3 Rb5 42.Qg1 Qc6 43.Qd4 e5
44.Qa7 Rb7 45.Qa8+ Kh7 46.Kh2 Qd7 47.Qa5 Qb5 48.Qd8 Rb8 49.Qc7 Rb7 50.Qc8 Rd7
51.Qe8 g6 52.Rd2 Qc6 53.Bb4 Rc7 54.Qd8 Rf7 55.Bc3 Kg7 56.Rc2 Qc7 57.Qd5 Rd7
58.Qb5 Qa7 59.Qxc4 Nf4 60.Qf1 Nh5 61.Qc1 Ng3 62.Be1 Nf1+ 63.Kh1 Ng3+ 64.Kh2 Nf1+
65.Kh1  1/2-1/2

[Event "CRO-chT"]
[Site "Pula"]
[Date "1999.09.16"]
[Round "7"]
[White "Morovic Fernandez, Ivan"]
[Black "Tukmakov, Vladimir B"]
[Result "1/2-1/2"]
[WhiteElo "2608"]
[BlackElo "2557"]

1.d4 Nf6 2.c4 e6 3.Nc3 Bb4 4.Qc2 O-O 5.a3 Bxc3+ 6.Qxc3 b6 7.Bg5 Ba6 8.e3 d6
9.Ne2 Nbd7 10.Qc2 c5 11.dxc5 bxc5 12.Nc3 Qb6 13.O-O-O Rab8 14.Be2 Bb7 15.Rd2 d5
16.Rhd1 Bc6 17.Bf3 dxc4 18.Be2 Qb7 19.f3  1/2-1/2

[Event "Artek olJ"]
[Site "Artek"]
[Date "1999.09.18"]
[Round "7"]
[White "Inarkiev, Ernesto"]
[Black "Szymanski, Marcin"]
[Result "1-0"]
[WhiteElo "2423"]
[BlackElo "2327"]

1.d4 e6 2.c4 Nf6 3.Nc3 Bb4 4.Qc2 O-O 5.e4 d5 6.e5 Ne4 7.Bd3 f5 8.cxd5 exd5
9.Ne2 c6 10.O-O g6 11.Nxe4 fxe4 12.Bxe4 Qh4 13.Bd3 Be7 14.Be3 Bf5 15.Bxf5 Rxf5
16.Ng3 Rf8 17.f4 Nd7 18.f5 Bg5 19.Qd2 Bxe3+ 20.Qxe3 Rae8 21.Rf4 Qg5 22.Raf1 gxf5
23.Qf3 Kh8 24.Nxf5 Re6 25.h4 Qd8 26.Nd6 Rxf4 27.Qxf4 Qe7  1-0

[Event "CRO-chT (Women)"]
[Site "Pula"]
[Date "1999.09.18"]
[Round "9"]
[White "Trtanj, Tina"]
[Black "Medic, Mirjana"]
[Result "0-1"]
[WhiteElo "2066"]
[BlackElo "2312"]

1.d4 Nf6 2.c4 e6 3.Nc3 Bb4 4.Qc2 O-O 5.Nf3 c5 6.a3 Bxc3+ 7.bxc3 d5 8.Bg5 h6
9.Bxf6 Qxf6 10.e3 Nc6 11.Be2 b6 12.O-O dxc4 13.Bxc4 cxd4 14.cxd4 Bb7 15.Qe2 Na5
16.Ba6 Qe7 17.Bxb7 Qxb7 18.Qb5 Rac8 19.Ne5 Rc7 20.Rfc1 Rfc8 21.Qb2 Nc4 22.Nxc4 Rxc4
23.Rxc4 Rxc4 24.Rc1 Qc6 25.Rxc4 Qxc4 26.h3 a5 27.Qd2 Qb3 28.Qc1 b5 29.h4 b4
30.Qc8+ Kh7 31.axb4 axb4 32.Qb7 f5 33.Qf7 Qb1+ 34.Kh2 Qe4 35.h5 f4 36.exf4 b3
37.g4 b2 38.g5 hxg5 39.fxg5 Qh4+ 40.Kg2 Qxg5+  0-1

[Event "SLO-ch"]
[Site "Kranj"]
[Date "1999.10.04"]
[Round "3"]
[White "Jelen, Igor"]
[Black "Podlesnik, Bogdan"]
[Result "1-0"]
[WhiteElo "2395"]
[BlackElo "2403"]

1.d4 Nf6 2.c4 e6 3.Nc3 Bb4 4.Qc2 O-O 5.a3 Bxc3+ 6.Qxc3 b6 7.Bg5 Bb7 8.f3 h6
9.Bh4 d5 10.e3 Nbd7 11.cxd5 Nxd5 12.Bxd8 Nxc3 13.Bh4 Nd5 14.Bf2 c5 15.Bb5 Rad8
16.Ne2 cxd4 17.Nxd4 e5 18.Nf5 Nc7 19.Be2 Nc5 20.Rd1 Rxd1+ 21.Kxd1 Rd8+ 22.Kc2 Kf8
23.Rd1 Rxd1 24.Kxd1 Ba6 25.Bxa6 N7xa6 26.Kc2 Nb7 27.Kc3 h5 28.Bg3 f6 29.Kc4 Nc7
30.f4 g6 31.Nh4 b5+ 32.Kd3 Nc5+ 33.Ke2 Kf7 34.fxe5 f5 35.Nf3 Ke6 36.b4 Ne4
37.Kd3 Kd5 38.Nh4 Nxg3 39.hxg3 g5 40.Nxf5 Kxe5 41.Nd4 a6 42.e4 g4 43.Nc6+ Kd6
44.Nb8 Ke5 45.Nd7+ Ke6 46.Nc5+ Ke5 47.Ke3 Ne8 48.Nd3+ Kf6 49.Kf4 Nc7 50.Nc5 Kg6
51.Ke5 Na8 52.Nd7 Kg5 53.Kd6  1-0

[Event "World Cities-ch 2nd"]
[Site "Shenyang"]
[Date "1999.10.07"]
[Round "6"]
[White "Hauchard, Arnaud"]
[Black "Liang Chong"]
[Result "1-0"]
[WhiteElo "2518"]
[BlackElo "2412"]

1.d4 Nf6 2.c4 e6 3.Nc3 Bb4 4.Qc2 O-O 5.a3 Bxc3+ 6.Qxc3 b6 7.Bg5 Bb7 8.Nf3 h6
9.Bh4 d6 10.Nd2 Nbd7 11.f3 d5 12.cxd5 exd5 13.e3 Re8 14.Bf2 Qc8 15.b4 c5
16.Be2 cxb4 17.Qxc8 Rexc8 18.axb4 a5 19.b5 Rc3 20.O-O Rac8 21.Rfd1 Kf8 22.Nf1 Ke7
23.Be1 R3c7 24.Ng3 g6 25.Bd3 h5 26.Ne2 Ra8 27.Nc3 Ne8 28.Na4 Nd6 29.Bh4+ Ke6
30.Bg3 f5 31.h4 Rcc8 32.Kf2 Nc4 33.Bf4 Nd6 34.Ke2 Rh8 35.Rg1 Rac8 36.Rac1 Rxc1
37.Rxc1 Rc8 38.Rg1 Nf7 39.g4 Kf6 40.gxh5 gxh5 41.Kd2 Ba8 42.Nc3 Bb7 43.Bc2 Rc4
44.Bb3 Rb4 45.Bxd5 Bc8 46.Rg8  1-0

[Event "Budapest FS10 IM"]
[Site "Budapest"]
[Date "1999.10.08"]
[Round "7"]
[White "Jakab, Attila"]
[Black "Friedrichs, Klaus"]
[Result "1-0"]
[WhiteElo "2328"]
[BlackElo "2148"]

1.d4 Nf6 2.c4 e6 3.Nc3 Bb4 4.Qc2 O-O 5.a3 Bxc3+ 6.Qxc3 b6 7.Nf3 Bb7 8.g3 c5
9.Bg2 cxd4 10.Qxd4 Nc6 11.Qh4 Na5 12.b4 Nb3 13.Rb1 Nxc1 14.Rxc1 Rc8 15.O-O Qe7
16.Rfd1 d5 17.Ne5 Rfe8 18.e3 dxc4 19.Bxb7 Qxb7 20.Rxc4 Rxc4 21.Qxc4 h5 22.b5 Qe7
23.Rd3 Ng4 24.Nc6 Qf6 25.Qf4 Qa1+ 26.Kg2 e5 27.Qb4 e4 28.Rd2 Qf6 29.Qd6 Qf3+
30.Kg1 Nxe3 31.fxe3 Qxe3+ 32.Rf2 Qb3 33.Qd7 Kf8 34.Nd4 Qc4 35.Rc2 Qd3 36.Rc7 Qb1+
37.Kg2 Qa2+ 38.Kh3 g5 39.Nf5 g4+ 40.Kh4 Qxh2+ 41.Kg5 Qa2 42.Qd6+  1-0

[Event "World Cities-ch 2nd"]
[Site "Shenyang"]
[Date "1999.10.08"]
[Round "9"]
[White "Nakagawa, Emiko"]
[Black "Atanu, Lahiri"]
[Result "0-1"]
[WhiteElo "2005"]
[BlackElo "2395"]

1.d4 Nf6 2.c4 e6 3.Nc3 Bb4 4.Qc2 O-O 5.Nf3 b6 6.a3 Bxc3+ 7.Qxc3 Bb7 8.g3 d6
9.Bg2 Nbd7 10.O-O c5 11.Bg5 h6 12.Bxf6 Qxf6 13.Rad1 Rfd8 14.Qd2 Rac8 15.d5 e5
16.Qc2 Rb8 17.Nh4 Bc8 18.Nf5 b5 19.Ne3 bxc4 20.Nxc4 Rb5 21.Rb1 Nb6 22.Ne3 Bd7
23.b3 Rb8 24.Rfc1 Nc8 25.Nc4 Qd8 26.e4 Qc7 27.Bf1 Ne7 28.Ne3 R5b7 29.Ba6 Rb6
30.Bf1 a5 31.Nc4 R6b7 32.Ne3 Ra7 33.Qc3 f5 34.f3 f4 35.gxf4 exf4 36.Nc4 Ng6
37.Qe1 Bb5 38.Kh1 Bxc4 39.Bxc4 Ne5 40.Qf1 Rf8 41.Qh3 Rf6 42.Bb5 g5 43.Rg1 Ra8
44.Qh5 Qf7 45.Qxf7+ Kxf7 46.Kg2 h5 47.Kf2 g4 48.fxg4 hxg4 49.Rbf1 Rh8 50.Kg2 Nf3
51.Rh1 Rfh6 52.h3 Rxh3 53.Rxh3 Rxh3 54.Rh1 Nh4+ 55.Kg1 Rxh1+ 56.Kxh1 g3  0-1

[Event "Asia-chT"]
[Site "Shenyang"]
[Date "1999.10.14"]
[Round "6"]
[White "Green, Peter"]
[Black "Hsu Li Yang"]
[Result "0-1"]
[WhiteElo "2269"]
[BlackElo "2441"]

1.d4 Nf6 2.c4 e6 3.Nc3 Bb4 4.Qc2 O-O 5.a3 Bxc3+ 6.Qxc3 d6 7.Bg5 Nbd7 8.e3 Re8
9.Nf3 Qe7 10.Be2 e5 11.Rc1 a5 12.b3 h6 13.Bxf6 Qxf6 14.O-O e4 15.Nd2 Qg5
16.f4 exf3 17.Rxf3 Qe7 18.Rcf1 Nf6 19.Rg3 Kh8 20.Bd1 h5 21.Rf4 d5 22.Qd3 Ra6
23.Bc2 g6 24.Qf1 Kg7 25.e4 dxe4 26.Nxe4 Nxe4 27.Rxe4 Re6 28.Rxe6 Qxe6 29.Rf3 Re7
30.Qf2 a4 31.h3 Qe1+ 32.Qxe1 Rxe1+ 33.Rf1 Re3 34.bxa4 Rc3 35.Be4 f5 36.Bf3 Rxc4
37.Rb1 b6 38.Rb4 Ba6 39.Kf2 Kf6 40.h4 f4 41.Be4 g5 42.hxg5+ Kxg5 43.d5 Kf6
44.d6 Rxb4 45.axb4 cxd6 46.b5 Bc8 47.a5 Ke5 48.Bc6 bxa5 49.b6 Kd4 50.Kf3 Kc5
51.b7 Bxb7 52.Bxb7 a4 53.Be4 d5 54.Bb1 d4 55.Kxf4 a3 56.Ba2 Kb4 57.Kf3 Kc3
58.Ke2 Kc2 59.Bc4 h4 60.Bd3+ Kc3  0-1